| 000 | 00900cam a22002895a 4500 | ||
|---|---|---|---|
| 005 | 20150816102242.0 | ||
| 006 | a||||fr|||| 00| 0 | ||
| 008 | 101021s2004 xxu |||frb||| 001 0 eng d | ||
| 010 | _a 2002113162 | ||
| 020 | _a0324258720 | ||
| 020 | _a0324258712 (CD-ROM) | ||
| 020 | _a9780324258721 | ||
| 035 | _a(DLC) 2002113162 | ||
| 082 | 0 | 4 |
_a658.15 _bBRI _222 |
| 100 | 1 |
_aBrigham, Eugene F., _920538 |
|
| 245 | 1 | 0 |
_aFundamentals of Financial Management / _cEugene F. Brigham , Joel f. houston. |
| 250 | _aConcise 4th ed. | ||
| 260 |
_aMason : _bThomson/South-Western, _cc.2004. |
||
| 300 |
_a p. : _bill. ; _c26 cm. + _e1 CD-ROM (4 3/4 in.) |
||
| 500 | _aInclude index. | ||
| 504 | _aIncludes bibliographical references . | ||
| 590 | _adoaa mohamed | ||
| 650 | 0 |
_aCorporations _xFinance. _920539 _2BUEsh |
|
| 651 | _2BUEsh | ||
| 653 | _bBUSADM | ||
| 942 |
_cBB _k658.15B7685 _2ddc |
||
| 999 |
_c2889 _d2889 |
||